000 00887nam a2200217Ii 4500
003 JO-AjNU
008 230605s9999||||xx |||||||||||||| ||und||
017 _a2007/11452
040 _aJO-AjNU
_bara
_erda
_cJO-AjNU
041 _aara
050 1 4 _aHD69.2007
100 3 _aبحوث واوراق عمل,
_eauthor
_932785
245 0 0 _aادارة المشروعات الحكومية وخصخصة الخدمات
264 3 1 _aالقاهرة:المنظمة العربية للتنمية الادارية،2007
300 _a195ص
_bبحوث واوراق عمل الملتقى العربي الاول بعنوان (ادارة المشروعات الحكومية وخصخصة الخدمات )
336 _atext
_btxt
_2rdacontent
337 _aunmediated
_bn
_2rdamedia
338 _avolume
_bnc
_2rdacarrier
490 0 _aاعمال مؤتمرات
650 4 _aادارة عامة
_932786
999 _aA13275
_c16843
_d16843